header

Men in black (Record no. 134401)

MARC details
000 -LEADER
fixed length control field 01683nam a2200457 a 4500
082 04 - DEWEY DECIMAL CLASSIFICATION NUMBER
Classification number 809/.93355
100 1# - MAIN ENTRY--AUTHOR NAME
Personal name Harvey, J. R.
245 10 - TITLE STATEMENT
Title Men in black
260 ## - PUBLICATION, DISTRIBUTION, ETC. (IMPRINT)
Place of publication London :
Name of publisher Reaktion Books,
Year of publication 1995.
300 ## - PHYSICAL DESCRIPTION
Number of Pages 280 p. :
Other physical details ill.
490 1# - SERIES STATEMENT
Series statement Picturing history
500 ## - GENERAL NOTE
General note "First published in paperback 1997."--T.p. verso.
650 #0 - SUBJECT ADDED ENTRY--TOPICAL TERM
Topical Term English literature
Topical Term Clothing and dress in literature.
Topical Term Black in literature.
Topical Term Men in literature.
Topical Term Man-woman relationships in literature.
Topical Term Symbolism of colors in literature.
Topical Term Clothing and dress
Topical Term Costume
856 40 - ELECTRONIC LOCATION AND ACCESS
Uniform Resource Identifier http://site.ebrary.com/lib/rucke/Doc?id=10538336

No items available.

© 2026 Rongo University
Contact us: librarian | system librarian | Rongo university